| 000 | 00899nam a22002537a 4500 | ||
|---|---|---|---|
| 999 |
_c8503 _d8503 |
||
| 003 | AR-CdUCM | ||
| 008 | 190325b ||||| |||| 00| 0 spa d | ||
| 040 |
_aMUNICIPALIDAD PROVINCIAL DEL CUSCO _cBIBLIOTECA MUNICIPAL DEL CUSCO |
||
| 041 | _heng | ||
| 082 |
_a109 / _bD95 |
||
| 100 |
_aDray, William H. _923828 |
||
| 245 | _aFilosofía de la historia / | ||
| 260 |
_aMéxico, D.F : _bUTEHA, _c1965. |
||
| 300 |
_aX, 200 páginas _c17 cm. |
||
| 440 |
_aManuales Uteha. _n285/285a _923829 |
||
| 440 |
_aFilosofía sección. _n7 _923542 |
||
| 505 | _aContenido: Crítica y especulaciones -- Objetividad histórica -- Juicio causal en la historia -- Filosofía de la historia -- Un método metafísico ... | ||
| 650 |
_aHistoria _9136 |
||
| 650 |
_aFilosofía _9395 |
||
| 650 |
_aMétodo empírico _923830 |
||
| 700 |
_aBrown, Molly K. (traducción) _923831 |
||
| 942 |
_2ddc _cLIBROS |
||
| 945 | _aachl | ||